000 00872nam a2200241 a 4500
001 000023912
005 20240305141038.0
008 110117t2010 dr a 001 p spa d
020 _a9789945874501
040 _aDO-SdBNP
_bspa
_cBNPHU
082 _aPR861.44
_bD542e
100 1 _aDíaz, Virginia
_949184
245 1 0 _aEn las ramas del viento /
_cVirginia Díaz ; dirección editorial Bismar Galán ; ilustración Dámaris Aleiny Encarnación.
260 _aSanto Domingo :
_bCreamos,
_c2010.
300 _a120 p. :
_bil. ;
_c14 cm.
500 _aIncluye datos biográficos de la autora en las solapas.
650 4 _aPoesía puertorriqueña
_91015
650 4 _aLiteratura puertorriqueña
_9250
700 1 _aGalán, Bismar,
_d1961-
_eed.
_91490
700 1 _aEncarnación, Dámaris Aleiny,
_eil.
_949185
910 _aValidado. Control de calidad EMS.
049 _aBNPD
999 _c23408
_d23408